| 000 | 02046nam a2200397 i 4500 | ||
|---|---|---|---|
| 001 | 000022439 | ||
| 003 | DO-SdBNP | ||
| 005 | 20260321073640.0 | ||
| 007 | ta | ||
| 008 | 101011t1999 dr ac 000 0dspa d | ||
| 020 | _a9993426008 | ||
| 040 |
_aDO-SdBNP _bspa _cBNPHU _erda |
||
| 041 | _aspa | ||
| 082 | 4 |
_a320.97293 _bJ61j _222 |
|
| 100 | 1 |
_aJimenes Grullón, Juan Isidro, _d1903-1983 _eautor _4aut. _92482 |
|
| 245 | 1 | 0 |
_aJuan Bosch al desnudo, Joaquín Balaguer al desnudo : _brecopilación de 45 trabajos publicados en el periódico "El Sol" en 1982 / _cJuan Isidro Jiménes Grullón ; recopilación, correción, edición e introducción de, Ángel Moreta. |
| 246 | 1 | 3 | _aJoaquín Balaguer al desnudo |
| 264 | 1 |
_aSanto Domingo : _bEditora Fundación Hostos, _c1999. |
|
| 300 |
_axix, 440 páginas : _bilustraciones, retratos ; _c21 cm. |
||
| 336 |
_atexto _btxt _2rdacontent |
||
| 337 |
_asin mediación _bn _2rdamedia |
||
| 338 |
_avolumen _bnc _2rdacarrier |
||
| 490 | 1 |
_aSociología Dominicana _v1 |
|
| 500 | _aIncluye referencias biliográficas y notas al pie de las páginas. | ||
| 505 | 0 |
_aJuan Bosch al desnudo -- _tJoaquín Balaguer al desnudo -- _gApéndices-- _tEl método histórico de Juan Isidro Jimenes Grullón (Sociología política dominicana) -- _tPersonajes y algunas instituciones de la época -- _tDocumento de Claudio Caamaño sobre las relaciones entre Francisco Alberto Caamaño Deño y Juan Bosch -- _tFolleto publicado por el Partido Dominicano en 1844. |
|
| 590 | _aInventariado, 2018/ YL | ||
| 600 | 1 | 0 |
_a Bosch, Juan, _d1909-2001 _976555 |
| 600 | 1 | 0 |
_a Balaguer, Joaquín, _d1906-2002 _xPensamiento político _976556 |
| 650 | 4 |
_aPresidentes _zRepública Dominicana _xEnsayos, conferencias, etc. _946254 |
|
| 650 | 4 |
_aDiarios dominicanos _xSecciones, columnas, etc. _944 |
|
| 651 | 4 |
_aRepública Dominicana _xPolítica y gobierno _945 |
|
| 700 | 1 |
_aMoreta, Ángel, _ecompilador _4comp. _912142 |
|
| 730 | 0 |
_aEl Sol (República Dominicana) _944336 |
|
| 910 | _aValidado. Control de calidad EMS. | ||
| 942 |
_2ddc _cLBS1 |
||
| 999 |
_c21937 _d21937 |
||